000 00357nam a2200121 4500
999 _c12348
_d12348
008 190123b ||||| |||| 00| 0 eng d
100 _934864
_aPorcalla, Delon
245 _aBill to fine gov't execs playing in casinos/
_cDelon Porcalla
260 _aPhilippines
_bThe Philippine Star
_cc2018
300 _apage 6.
650 0 _937110
_aLaw.
942 _2ddc
_cPER